000 00294nam a2200097Ia 4500
008 220204s9999 xx 000 0 und d
082 _a340
_bSWA;3
245 0 _aSwamy's compilation of the fundamental rules and the supplementary rules. Pt 1 and 2
260 _aNew Delhi
_bSwamy
_c1962
942 _cBK
999 _c19263
_d19263